[Event "IECC CL6-2020.01 email"]
[Site "IECC email"]
[Date "2020.02.22"]
[Round "?"]
[White "Croteau, John F"]
[Black "Campbell, Graham G"]
[Result "0-1"]
[WhiteElo "1360"]
[BlackElo "1254"]
[PlyCount "88"]
[EventDate "2020.??.??"]
[EventType "tourn (corr)"]
[EventRounds "4"]
[SourceTitle "Corr 2024"]
[Source "ChessBase"]
[SourceDate "2023.10.19"]
[SourceVersion "1"]
[SourceVersionDate "2023.10.19"]
[SourceQuality "1"]
[WhiteTeam "Vereinigte Staaten"]
[BlackTeam "Vereinigte Staaten"]
[WhiteTeamCountry "USA"]
[BlackTeamCountry "USA"]

1. e4 e5 2. Nc3 Nc6 3. Nf3 g6 4. Bb5 Bg7 5. Bxc6 bxc6 6. d3 Bb7 7. 0-0 d6 8. h3 h6 9. Bd2 Nf6 10. Ne2 0-0 11. Ng3 Re8 12. c3 d5 13. Qc1 c5 14. Re1 h5 15. Bg5 Qd6 16. Qd2 Rad8 17. Rad1 Rd7 18. Re2 dxe4 19. Nxe4 Nxe4 20. dxe4 f6 21. Qxd6 Rxd6 22. Rxd6 cxd6 23. Bc1 g5 24. g3 d5 25. Nd2 Bh6 26. g4 hxg4 27. hxg4 Rd8 28. exd5 Bxd5 29. c4 Be6 30. f3 Bxc4 31. Nxc4 Rd1+ 32. Kf2 Rxc1 33. b3 Bf8 34. Rd2 a6 35. Ne3 Ra1 36. Nd5 Kf7 37. a4 Rb1 38. Rd3 Rb2+ 39. Ke3 c4 40. bxc4 Bc5+ 41. Ke4 Re2+ 42. Kf5 e4 43. Rb3 exf3 44. Nxf6 f2 0-1

[Event "IECC CL6-2018.01 email"]
[Site "IECC email"]
[Date "2018.11.01"]
[Round "?"]
[White "Campbell, Graham G"]
[Black "Van Boven, Maarten Willem"]
[Result "0-1"]
[WhiteElo "1301"]
[BlackElo "1231"]
[PlyCount "46"]
[EventDate "2018.??.??"]
[EventType "tourn (corr)"]
[EventRounds "4"]
[SourceTitle "Corr 2020"]
[Source "ChessBase"]
[SourceDate "2019.09.30"]
[SourceVersion "1"]
[SourceVersionDate "2019.09.30"]
[SourceQuality "1"]
[WhiteTeam "United States"]
[BlackTeam "Netherlands"]
[WhiteTeamCountry "USA"]
[BlackTeamCountry "NED"]

1. c4 e5 2. g3 Nf6 3. Bg2 Nc6 4. Nc3 g6 5. Nf3 Bg7 6. 0-0 0-0 7. d4 exd4 8. Nxd4 Re8 9. Nxc6 bxc6 10. Qa4 Bb7 11. Rd1 a5 12. Bf4 Qb8 13. Bg5 Bc8 14. b3 Ng4 15. Rac1 Qa7 16. e3 h6 17. Bh3 Nxf2 18. Kxf2 hxg5 19. Rd3 f5 20. Ne2 Qc5 21. Rcd1 Ba6 22. a3 Qb6 23. b4 Bxc4 0-1

[Event "IECC CL6-2018.01 email"]
[Site "IECC email"]
[Date "2018.11.01"]
[Round "?"]
[White "Vitello, Gabriella"]
[Black "Campbell, Graham G"]
[Result "1-0"]
[WhiteElo "1360"]
[BlackElo "1311"]
[PlyCount "57"]
[EventDate "2018.??.??"]
[EventType "tourn (corr)"]
[EventRounds "4"]
[SourceTitle "Corr 2020"]
[Source "ChessBase"]
[SourceDate "2019.09.30"]
[SourceVersion "1"]
[SourceVersionDate "2019.09.30"]
[SourceQuality "1"]
[WhiteTeam "Italy"]
[BlackTeam "United States"]
[WhiteTeamCountry "ITA"]
[BlackTeamCountry "USA"]

1. d4 Nf6 2. Bf4 e6 3. Nf3 c5 4. e3 b6 5. Nbd2 cxd4 6. exd4 Be7 7. h3 Bb7 8. Bd3 0-0 9. 0-0 d6 10. c3 Nbd7 11. Nc4 Qc7 12. Re1 b5 13. Ne3 a6 14. a4 e5 15. dxe5 Nxe5 16. Nxe5 dxe5 17. Bxe5 Qc6 18. axb5 axb5 19. Qb3 Ba6 20. Nf5 Qd7 21. Rad1 Rad8 22. Bc2 Qa7 23. Nxe7+ Qxe7 24. Bd6 Qxd6 25. Rxd6 Rxd6 26. Qb4 Rfd8 27. b3 R8d7 28. Kh2 Rd2 29. Re7 1-0

[Event "IECC TH-M-3246"]
[Site "IECC email"]
[Date "2018.01.18"]
[Round "?"]
[White "Campbell, Graham G"]
[Black "Neumann, Frank Robert"]
[Result "1/2-1/2"]
[WhiteElo "1291"]
[BlackElo "1344"]
[PlyCount "49"]
[EventDate "2018.??.??"]
[EventType "tourn (corr)"]
[SourceTitle "Corr 2020"]
[Source "ChessBase"]
[SourceDate "2019.09.30"]
[SourceVersion "1"]
[SourceVersionDate "2019.09.30"]
[SourceQuality "1"]
[WhiteTeam "United States"]
[BlackTeam "Germany"]
[WhiteTeamCountry "USA"]
[BlackTeamCountry "GER"]

1. c4 c5 2. Nf3 Nc6 3. e3 e6 4. Nc3 Nf6 5. d4 cxd4 6. exd4 Be7 7. d5 Nb4 8. a3 Na6 9. d6 Bf8 10. b4 b6 11. Be3 g6 12. c5 bxc5 13. bxc5 Bg7 14. Rc1 0-0 15. Bd3 Bb7 16. 0-0 Rc8 17. Nb5 Nd5 18. Qd2 Nxe3 19. Qxe3 Re8 20. Nxa7 Rb8 21. c6 dxc6 22. Rxc6 Bxc6 23. Nxc6 Qxd6 24. Nxb8 Rxb8 25. Bxa6 1/2-1/2

[Event "TH-S-1004"]
[Site "IECC email"]
[Date "2017.07.16"]
[Round "?"]
[White "Campbell, Graham G"]
[Black "Hughes, Peter James"]
[Result "1-0"]
[WhiteElo "1244"]
[BlackElo "1116"]
[PlyCount "91"]
[EventDate "2017.??.??"]
[EventType "tourn (corr)"]
[SourceTitle "Corr 2020"]
[Source "ChessBase"]
[SourceDate "2019.09.30"]
[SourceVersion "1"]
[SourceVersionDate "2019.09.30"]
[SourceQuality "1"]
[WhiteTeam "United States"]
[BlackTeam "Australia"]
[WhiteTeamCountry "USA"]
[BlackTeamCountry "AUS"]

1. e4 Nf6 2. e5 Nd5 3. d4 Nb6 4. c4 d5 5. exd6 exd6 6. Nc3 Be7 7. h3 0-0 8. Nf3 c6 9. Bd3 N8d7 10. a4 Nf6 11. a5 Nbd7 12. 0-0 d5 13. c5 a6 14. Re1 Re8 15. b4 h6 16. Ne5 Nxe5 17. dxe5 Nh7 18. Qh5 Be6 19. Bxh6 f5 20. exf6 Bxf6 21. Re3 Bf7 22. Bxh7+ Kf8 23. Bxg7+ Bxg7 24. Rf3 Re7 25. Rd1 Qd7 26. Bg6 Ke8 27. Bxf7+ Rxf7 28. Ne4 Kf8 29. Nd6 Rxf3 30. Qxf3+ Kg8 31. Qg4 Qxg4 32. hxg4 Bc3 33. Rb1 d4 34. Rb3 Rf8 35. Nxb7 Rb8 36. Nd6 Rf8 37. Ne4 Rb8 38. Nxc3 dxc3 39. Rxc3 Rxb4 40. f3 Rb5 41. Kf2 Rxa5 42. Ke3 Kf7 43. Kf4 Ke6 44. Re3+ Kd5 45. Re5+ Kc4 46. g5 1-0

[Event "IECC CL6-2017.02 email"]
[Site "IECC email"]
[Date "2017.02.04"]
[Round "?"]
[White "Campbell, Graham G"]
[Black "Pratt, Lou"]
[Result "1-0"]
[WhiteElo "1265"]
[BlackElo "1164"]
[PlyCount "99"]
[EventDate "2017.??.??"]
[EventType "tourn (corr)"]
[EventRounds "4"]
[SourceTitle "Corr 2020"]
[Source "ChessBase"]
[SourceDate "2019.09.30"]
[SourceVersion "1"]
[SourceVersionDate "2019.09.30"]
[SourceQuality "1"]
[WhiteTeam "United States"]
[BlackTeam "United States"]
[WhiteTeamCountry "USA"]
[BlackTeamCountry "USA"]

1. c4 e5 2. g3 Nf6 3. Bg2 d5 4. cxd5 Nxd5 5. Nf3 Nc6 6. d3 Nb6 7. 0-0 Be7 8. Be3 Nd5 9. Qd2 0-0 10. a3 Nxe3 11. Qxe3 Nd4 12. Nxd4 Qxd4 13. Qxd4 exd4 14. e4 dxe3 15. fxe3 c6 16. Nc3 Bf5 17. Rxf5 g6 18. Rf3 f5 19. Raf1 Rad8 20. e4 Bc5+ 21. Kh1 fxe4 22. Rxf8+ Rxf8 23. Rxf8+ Bxf8 24. dxe4 Kf7 25. Kg1 Bc5+ 26. Kf1 Bd4 27. Nd1 c5 28. b3 Be5 29. Kf2 h5 30. h3 b5 31. Kf3 Kf6 32. g4 c4 33. bxc4 bxc4 34. Bf1 c3 35. Bd3 Ke6 36. Ne3 Kd6 37. Nc4+ Ke6 38. Nxe5 Kxe5 39. gxh5 gxh5 40. Kg3 Kd4 41. Bc2 a5 42. Kh4 Ke3 43. e5 Kd2 44. Ba4 c2 45. Bxc2 Kxc2 46. e6 a4 47. e7 Kb3 48. e8Q Kxa3 49. Qe1 Kb3 50. Qa1 1-0

[Event "IECC CL6-2017.01 email"]
[Site "IECC email"]
[Date "2017.02.04"]
[Round "?"]
[White "Ferguson, Drew"]
[Black "Campbell, Graham G"]
[Result "1-0"]
[WhiteElo "1282"]
[BlackElo "1288"]
[PlyCount "45"]
[EventDate "2017.??.??"]
[EventType "tourn (corr)"]
[EventRounds "4"]
[SourceTitle "Corr 2020"]
[Source "ChessBase"]
[SourceDate "2019.09.30"]
[SourceVersion "1"]
[SourceVersionDate "2019.09.30"]
[SourceQuality "1"]
[WhiteTeam "Ireland"]
[BlackTeam "United States"]
[WhiteTeamCountry "IRL"]
[BlackTeamCountry "USA"]

1. Nf3 c5 2. b3 Nf6 3. Bb2 e6 4. e3 Nc6 5. c4 b6 6. Be2 d5 7. cxd5 exd5 8. d4 Bd6 9. Nbd2 0-0 10. Ne5 Bxe5 11. dxe5 Nd7 12. f4 Re8 13. 0-0 Bb7 14. Nf3 Ne7 15. Rc1 Nf5 16. Qd2 f6 17. Bd3 Nh6 18. Qc2 Nf8 19. exf6 gxf6 20. Qf2 Qe7 21. Rce1 Ne6 22. Qh4 Kg7 23. f5 1-0

[Event "IECC CL6-2016.03 email"]
[Site "IECC email"]
[Date "2016.10.27"]
[Round "?"]
[White "Campbell, Graham G"]
[Black "Inoue, Takahiro"]
[Result "1/2-1/2"]
[WhiteElo "1262"]
[BlackElo "1391"]
[PlyCount "93"]
[EventDate "2016.??.??"]
[EventType "tourn (corr)"]
[EventRounds "4"]
[SourceTitle "Corr 2020"]
[Source "ChessBase"]
[SourceDate "2019.09.30"]
[SourceVersion "1"]
[SourceVersionDate "2019.09.30"]
[SourceQuality "1"]
[WhiteTeam "United States"]
[BlackTeam "Japan"]
[WhiteTeamCountry "USA"]
[BlackTeamCountry "JPN"]

1. c4 Nf6 2. Nf3 g6 3. Nc3 Bg7 4. e4 d6 5. d4 0-0 6. h3 e5 7. d5 Nbd7 8. Bd3 Nc5 9. Bc2 a5 10. b3 Ne8 11. Bb2 f5 12. a3 fxe4 13. Nxe4 Nxe4 14. Bxe4 Bf5 15. Nd2 Bxe4 16. Nxe4 Nf6 17. Ng3 Qd7 18. 0-0 b5 19. Re1 Qf7 20. Qf3 Rab8 21. Rab1 a4 22. Ba1 axb3 23. Qxb3 Nd7 24. cxb5 Qxf2+ 25. Kh2 Nc5 26. Qe3 Qa2 27. Ne4 Nxe4 28. Qxe4 Rf4 29. Qd3 Rf2 30. Qg3 Rbf8 31. Kg1 Bh6 32. Bc3 Be3 33. Kh1 Qxb1 34. Qxf2 Rxf2 35. Rxb1 Ra2 36. Ra1 Rxa1+ 37. Bxa1 Kf7 38. g4 Bd2 39. Kg2 Ke7 40. Kf3 Kd7 41. Ke4 Kc8 42. Kd3 Ba5 43. a4 Kb7 44. Bb2 Kb6 45. Ba3 Be1 46. Ke2 Bc3 47. Kd3 1/2-1/2

[Event "IECC CL6-2016.03 email"]
[Site "IECC email"]
[Date "2016.10.27"]
[Round "?"]
[White "Pinch, David George"]
[Black "Campbell, Graham G"]
[Result "1-0"]
[WhiteElo "1285"]
[BlackElo "1263"]
[PlyCount "27"]
[EventDate "2016.??.??"]
[EventType "tourn (corr)"]
[EventRounds "4"]
[SourceTitle "Corr 2020"]
[Source "ChessBase"]
[SourceDate "2019.09.30"]
[SourceVersion "1"]
[SourceVersionDate "2019.09.30"]
[SourceQuality "1"]
[WhiteTeam "Wales"]
[BlackTeam "United States"]
[WhiteTeamCountry "WLS"]
[BlackTeamCountry "USA"]

1. f4 d5 2. b3 Bg4 3. Bb2 e6 4. g3 Nf6 5. Bg2 h5 6. Nf3 Nbd7 7. e3 Bc5 8. Qe2 a6 9. d3 Qe7 10. h3 Bf5 11. Nbd2 0-0-0 12. Ne5 Bd6 13. e4 dxe4 14. dxe4 1-0

[Event "IECC CL6-2014.01 email"]
[Site "IECC email"]
[Date "2014.01.31"]
[Round "?"]
[White "Campbell, Graham G"]
[Black "Hughes, Peter James"]
[Result "0-1"]
[WhiteElo "1318"]
[BlackElo "1228"]
[PlyCount "32"]
[EventDate "2014.??.??"]
[EventType "tourn (corr)"]
[EventRounds "4"]
[SourceTitle "Corr 2020"]
[Source "ChessBase"]
[SourceDate "2019.09.30"]
[SourceVersion "1"]
[SourceVersionDate "2019.09.30"]
[SourceQuality "1"]
[WhiteTeam "United States"]
[BlackTeam "Australia"]
[WhiteTeamCountry "USA"]
[BlackTeamCountry "AUS"]

1. e4 e5 2. Nf3 Nc6 3. d4 exd4 4. Nxd4 Bc5 5. Be3 Bb6 6. Nf5 Qf6 7. Nc3 Nge7 8. Bxb6 cxb6 9. Ne3 0-0 10. Be2 d6 11. 0-0 Ng6 12. Ng4 Qd8 13. Nb5 Nf4 14. Bf3 Qe7 15. Qxd6 Qg5 16. Nc7 Bxg4 0-1

[Event "IECC CL6-2014.01 email"]
[Site "IECC email"]
[Date "2014.01.31"]
[Round "?"]
[White "Ferguson, Drew"]
[Black "Campbell, Graham G"]
[Result "1-0"]
[WhiteElo "1253"]
[BlackElo "1325"]
[PlyCount "39"]
[EventDate "2014.??.??"]
[EventType "tourn (corr)"]
[EventRounds "4"]
[SourceTitle "Corr 2020"]
[Source "ChessBase"]
[SourceDate "2019.09.30"]
[SourceVersion "1"]
[SourceVersionDate "2019.09.30"]
[SourceQuality "1"]
[WhiteTeam "Ireland"]
[BlackTeam "United States"]
[WhiteTeamCountry "IRL"]
[BlackTeamCountry "USA"]

1. Nf3 c5 2. b3 Nc6 3. Bb2 Nf6 4. e3 g6 5. Bxf6 exf6 6. Be2 Bg7 7. 0-0 f5 8. c3 0-0 9. d4 cxd4 10. cxd4 Re8 11. Nc3 d6 12. Bc4 a6 13. a3 b5 14. Bd5 Bb7 15. b4 Qd7 16. Rc1 Ne7 17. Bxf7+ Kxf7 18. Qb3+ d5 19. e4 Bh6 20. Ne5+ 1-0

[Event "IECC CL6-2013.08 email"]
[Site "IECC email"]
[Date "2013.12.30"]
[Round "?"]
[White "Campbell, Graham G"]
[Black "Acosta, Errol Ian"]
[Result "1-0"]
[WhiteElo "1328"]
[BlackElo "1323"]
[PlyCount "83"]
[EventDate "2013.??.??"]
[EventType "tourn (corr)"]
[EventRounds "4"]
[SourceTitle "Corr 2020"]
[Source "ChessBase"]
[SourceDate "2019.09.30"]
[SourceVersion "1"]
[SourceVersionDate "2019.09.30"]
[SourceQuality "1"]
[WhiteTeam "United States"]
[BlackTeam "United States"]
[WhiteTeamCountry "USA"]
[BlackTeamCountry "USA"]

1. e4 c5 2. Nf3 d6 3. d4 cxd4 4. Nxd4 Nf6 5. Nc3 a6 6. Bg5 e6 7. f4 Bd7 8. Qf3 Nc6 9. Nxc6 Bxc6 10. 0-0-0 Be7 11. Bd3 Qc7 12. Rhe1 0-0-0 13. Qe2 Kb8 14. a3 h6 15. Bxf6 Bxf6 16. e5 dxe5 17. fxe5 Bg5+ 18. Kb1 Rhe8 19. Ne4 Be7 20. Nd2 Qb6 21. Nc4 Qc7 22. g3 Bb5 23. h4 Bxc4 24. Bxc4 Rxd1+ 25. Rxd1 Rc8 26. Bb3 Qb6 27. Ka2 Rc7 28. Qf3 f6 29. Qg4 fxe5 30. Qxg7 Bd6 31. Qg8+ Rc8 32. Qxe6 Bc7 33. Qxb6 Bxb6 34. Rd6 Rh8 35. Rxb6 Kc7 36. Re6 Kd7 37. Rxe5 Kd6 38. Re6+ Kc5 39. c3 h5 40. Bd1 Kd5 41. Rg6 Ke4 42. Rg5 1-0